| 000 | 00510nam a2200181Ia 4500 | ||
|---|---|---|---|
| 001 | 20528 | ||
| 005 | 20260306172812.0 | ||
| 008 | 260306t2022||||xx |||||||||||||| ||spa|| | ||
| 041 | _aESP | ||
| 082 |
_a343.4 _bB33 |
||
| 100 |
_aBeaumont Callirgos, Ricardo _eAUT |
||
| 245 | 0 |
_aComentarios al nuevo código procesal constitucional: _bLey N° 31307 vigente desde el 24 de julio de 2021 |
|
| 260 | _c2022 | ||
| 300 |
_a639 páginas : _c25 cm. |
||
| 650 | _aGEN | ||
| 654 | _aCDE | ||
| 942 |
_cLIB _dJUS _fJUS _2ddc _n |
||
| 999 |
_c20528 _d20528 |
||